000 00683nam a2200193 4500
008 170809b xxu||||| |||| 00| 0 eng d
020 _a0-8384-3098-8
082 _21990
_aDC 428.64
_bM34
100 _921811
_aMarkstein, Linda
245 _aExpanding reading skills :
_badvanced /
_cLinda Markstein, Louise Hirasawa
250 _aSecond Edition
260 _aBoston :
_bHeinle & Heinle,
_c©1990.
300 _aviii, 222 pages :
_billustrations ;
_c24 cm
500 _aIncludes bibliographical references
650 0 _921812
_aEnglish language -- Textbooks for foreign speakers
650 0 _921813
_aDevelopmental reading
700 _921814
_aHirasawa, Louise
942 _2ddc
_cDC
999 _c7203
_d7203